=LDR 00000nam 2200000 4500 =001 INLIS000000000005599 =005 20130612093830 =008 ***********************************Ind** =035 ##$$0010-061300000005599 =041 ##$$a Ind =082 ##$$a 129 =090 ##$$a 129, Mac r =100 ##$$a Mackenzie, Vicki =245 ##$$a Reinkarnasi, Misteri bocah spanyo bernama Osel, Vicki machanzie =260 ##$$a 1990 $b Jakarta =300 ##$$a x, 270 hlm., Ilus., 19 cm =650 ##$$a Renkarnasi =700 ##$$a Kristono, Lany =850 ##$$a NBPNMAT